[Event "Kislovodsk Narzan op"]
[Site "Kislovodsk"]
[Date "2012.07.05"]
[Round "5"]
[White "Shevchenko, Maksim Alekseevich"]
[Black "Sakhvadze, Georgy"]
[Result "1/2-1/2"]
[WhiteElo "2167"]
[BlackElo "2105"]
[PlyCount "91"]
[EventDate "2012.07.01"]
[EventType "swiss"]
[EventRounds "9"]
[EventCountry "RUS"]
[SourceTitle "EXT 2013"]
[Source "ChessBase"]
[SourceDate "2012.11.22"]
[SourceVersion "1"]
[SourceVersionDate "2012.11.22"]
[SourceQuality "1"]

1. d4 d5 2. c4 c6 3. e3 Nf6 4. Bd3 e6 5. Nf3 Nbd7 6. Nc3 Bd6 7. 0-0 0-0 8. e4 dxe4 9. Nxe4 Nxe4 10. Bxe4 f5 11. Bc2 e5 12. c5 Be7 13. Bb3+ Kh8 14. Nxe5 Nxe5 15. dxe5 Bxc5 16. Qxd8 Rxd8 17. e6 Re8 18. Re1 a5 19. a3 a4 20. Ba2 b6 21. Be3 Bxe6 22. Bxc5 Bxa2 23. Bxb6 Bd5 24. Bd4 Kg8 25. f3 Kf7 26. Kf2 g6 27. Rac1 Rxe1 28. Kxe1 Rb8 29. Kd2 Rb3 30. Bc3 Rb8 31. Bb4 Re8 32. Rc5 Ra8 33. Kc3 Ke6 34. Kd4 Rc8 35. Ke3 Ra8 36. h4 h6 37. Bc3 Kd6 38. Bb4 Ke6 39. Kf4 g5+ 40. hxg5 hxg5+ 41. Kxg5 Rg8+ 42. Kf4 Rxg2 43. Ra5 Rxb2 44. Ra8 Rb3 45. Re8+ Kf7 46. Re3 1/2-1/2

[Event "Astrakhan Region-ch op"]
[Site "Astrakhan"]
[Date "2007.02.16"]
[Round "8"]
[White "Dusenov, Ruslan"]
[Black "Shevchenko, Maksim Alekseevich"]
[Result "0-1"]
[WhiteElo "2301"]
[BlackElo "2149"]
[PlyCount "97"]
[EventDate "2007.02.08"]
[EventType "swiss"]
[EventRounds "9"]
[EventCountry "RUS"]
[SourceTitle "EXT 2008"]
[Source "ChessBase"]
[SourceDate "2007.11.25"]
[SourceVersion "1"]
[SourceVersionDate "2007.11.25"]
[SourceQuality "1"]

1. e4 e5 2. Nf3 Nf6 3. Nxe5 d6 4. Nf3 Nxe4 5. d4 d5 6. Bd3 Nc6 7. 0-0 Be7 8. Re1 Bg4 9. c4 Nf6 10. cxd5 Nxd5 11. Nc3 0-0 12. h3 Be6 13. a3 Bf6 14. Ne4 h6 15. Bc2 Re8 16. Qd3 Nce7 17. Ng3 Ng6 18. Bd2 Qd7 19. Rad1 Rad8 20. h4 Bg4 21. h5 Nf8 22. Ne4 Bxh5 23. Bb3 Nh7 24. Nc5 Rxe1+ 25. Rxe1 Qc8 26. Ne5 Bxe5 27. Rxe5 Nhf6 28. Qg3 Bg6 29. f4 c6 30. f5 Bxf5 31. Bxh6 Bg6 32. Bc2 Qg4 33. Qxg4 Nxg4 34. Bg5 f6 35. Bxg6 Nxe5 36. dxe5 fxg5 37. b4 Ne7 38. Be4 b6 39. Ne6 Rd1+ 40. Kf2 Ra1 41. Nxg5 Rxa3 42. Bb1 Nd5 43. e6 Kf8 44. Nf3 Rb3 45. Bf5 Rxb4 46. g4 Ke7 47. Ne5 Rb2+ 48. Kf3 Rb3+ 49. Ke4 0-1

[Event "Astrakhan Region-ch op"]
[Site "Astrakhan"]
[Date "2007.02.14"]
[Round "6"]
[White "Shevchenko, Maksim Alekseevich"]
[Black "Nurmukhanov, Timur"]
[Result "0-1"]
[WhiteElo "2149"]
[BlackElo "2271"]
[PlyCount "38"]
[EventDate "2007.02.08"]
[EventType "swiss"]
[EventRounds "9"]
[EventCountry "RUS"]
[SourceTitle "EXT 2008"]
[Source "ChessBase"]
[SourceDate "2007.11.25"]
[SourceVersion "1"]
[SourceVersionDate "2007.11.25"]
[SourceQuality "1"]

1. e4 c5 2. Nf3 d6 3. d4 cxd4 4. Nxd4 Nf6 5. Nc3 Nc6 6. Bc4 g6 7. Be3 Bg7 8. f3 0-0 9. Qd2 Nd7 10. 0-0-0 Nb6 11. Bb3 Na5 12. Qd3 Bd7 13. h4 Rc8 14. h5 Nbc4 15. Bxc4 Nxc4 16. hxg6 fxg6 17. Nb3 Nxb2 18. Qd5+ e6 19. Qxd6 Nxd1 0-1